[Event "MVP-ch Seniors op 15th"]
[Site "Binz"]
[Date "2015.11.29"]
[Round "6.31"]
[White "Lewald, Stephan"]
[Black "Bussler, Juergen"]
[Result "1/2-1/2"]
[WhiteElo "1873"]
[BlackElo "1765"]
[PlyCount "22"]
[EventDate "2015.11.24"]
[EventType "swiss"]
[EventRounds "9"]
[EventCountry "GER"]
[SourceTitle "EXT 2017"]
[Source "ChessBase"]
[SourceDate "2016.10.25"]
[SourceVersion "1"]
[SourceVersionDate "2016.10.25"]
[SourceQuality "1"]

1. e4 c5 2. Nf3 d6 3. Nc3 Nc6 4. d4 cxd4 5. Nxd4 Nf6 6. Bg5 Bd7 7. Be2 Qa5 8. Bxf6 gxf6 9. Nb3 Qg5 10. g3 a6 11. Qd5 Be6 1/2-1/2

[Event "MVP-ch Seniors op 14th"]
[Site "Binz"]
[Date "2014.12.02"]
[Round "8"]
[White "Schulz, Gerhard1111"]
[Black "Lewald, Stephan"]
[Result "1/2-1/2"]
[WhiteElo "1709"]
[BlackElo "1911"]
[PlyCount "25"]
[EventDate "2014.11.25"]
[EventType "swiss"]
[EventRounds "9"]
[EventCountry "GER"]
[SourceTitle "EXT 2016"]
[Source "ChessBase"]
[SourceDate "2015.10.08"]
[SourceVersion "1"]
[SourceVersionDate "2015.10.08"]
[SourceQuality "1"]

1. d4 g6 2. e4 Bg7 3. Nf3 c5 4. Nc3 cxd4 5. Nxd4 Nc6 6. Nxc6 bxc6 7. Be3 d6 8. Bc4 Qc7 9. Bb3 Nf6 10. f3 Be6 11. Qd2 h6 12. 0-0 h5 13. Kh1 1/2-1/2

[Event "MVP-ch Seniors op 11th"]
[Site "Binz"]
[Date "2011.12.04"]
[Round "5.8"]
[White "Haubt, Georg"]
[Black "Lewald, Stephan"]
[Result "1-0"]
[WhiteElo "2108"]
[BlackElo "1884"]
[PlyCount "144"]
[EventDate "2011.11.30"]
[EventType "swiss"]
[EventRounds "9"]
[EventCountry "GER"]
[SourceTitle "EXT 2013"]
[Source "ChessBase"]
[SourceDate "2012.11.22"]
[SourceVersion "1"]
[SourceVersionDate "2012.11.22"]
[SourceQuality "1"]

1. e4 c5 2. Nf3 g6 3. c3 Bg7 4. Bc4 e6 5. d4 cxd4 6. cxd4 d5 7. exd5 exd5 8. Bb5+ Bd7 9. Qe2+ Qe7 10. Be3 Nc6 11. Nc3 Nf6 12. 0-0 0-0 13. Rfe1 a6 14. Ba4 h6 15. Qd2 Kh7 16. Bg5 Qd6 17. Bf4 Qb4 18. a3 Qb6 19. b4 Be6 20. Rab1 Qd8 21. Bc2 Re8 22. h3 Nd7 23. Na4 Qf6 24. Rbd1 b5 25. Nc5 Nb6 26. Ne5 Nc4 27. Nxc4 bxc4 28. Ba4 Rec8 29. Bxc6 Rxc6 30. Be5 Qe7 31. Bxg7 Kxg7 32. Re5 Rd8 33. Rde1 Qf6 34. Qe3 Rdd6 35. f4 h5 36. Qf3 h4 37. R1e3 Rc8 38. Na4 Rcc6 39. Nc3 Qd8 40. Re1 Qb6 41. Rd1 Qd8 42. Kh2 Rc8 43. Rg1 Qb6 44. Qf2 Rh8 45. Na4 Qb5 46. Nc5 Qc6 47. Rb1 Bf5 48. Rc1 Qc7 49. Qe1 Be6 50. Rc3 Rc6 51. Rf3 Qd6 52. Kh1 Bf5 53. Rfe3 Rc7 54. Qe2 Ra7 55. Qf3 Rd8 56. Re1 Rc7 57. Qf2 Qf6 58. Qe3 Ra7 59. Qf3 Qd6 60. Na4 Rc7 61. Nc3 Be6 62. Qf2 Rh8 63. Qc2 Qd7 64. R5e3 Bf5 65. Qf2 Qd6 66. Re5 Be6 67. Nd1 Bf5 68. Ne3 Be6 69. f5 gxf5 70. Qf4 f6 71. Rxf5 Qxf4 72. Rxf4 Kg6 1-0

[Event "MVP-ch Seniors op 11th"]
[Site "Binz"]
[Date "2011.12.03"]
[Round "4.9"]
[White "Lewald, Stephan"]
[Black "Pape, Manfred"]
[Result "1/2-1/2"]
[WhiteElo "1884"]
[BlackElo "2063"]
[PlyCount "29"]
[EventDate "2011.11.30"]
[EventType "swiss"]
[EventRounds "9"]
[EventCountry "GER"]
[SourceTitle "EXT 2013"]
[Source "ChessBase"]
[SourceDate "2012.11.22"]
[SourceVersion "1"]
[SourceVersionDate "2012.11.22"]
[SourceQuality "1"]

1. e4 g6 2. d4 Bg7 3. Nc3 c6 4. Bc4 d5 5. exd5 b5 6. Bb3 b4 7. Nce2 cxd5 8. a3 bxa3 9. Rxa3 Nf6 10. Nf3 0-0 11. 0-0 Nc6 12. Ne5 Qb6 13. Be3 Ba6 14. Nxc6 Qxc6 15. Re1 1/2-1/2

[Event "Hessen-ch Seniors op 07th"]
[Site "Bad Sooden-Allendorf"]
[Date "2011.05.08"]
[Round "9"]
[White "Reimann, Guenther"]
[Black "Lewald, Stephan"]
[Result "0-1"]
[WhiteElo "1733"]
[BlackElo "1893"]
[PlyCount "69"]
[EventDate "2011.04.30"]
[EventType "swiss"]
[EventRounds "9"]
[EventCountry "GER"]
[SourceTitle "EXT 2012"]
[Source "ChessBase"]
[SourceDate "2011.11.24"]
[SourceVersion "1"]
[SourceVersionDate "2011.11.24"]
[SourceQuality "1"]

1. c4 g6 2. Nf3 Bg7 3. g3 Nf6 4. Bg2 d6 5. d3 0-0 6. 0-0 e5 7. Nc3 Nc6 8. a3 a5 9. Rb1 h6 10. Bd2 Be6 11. Qc1 Kh7 12. b3 Qd7 13. Nb5 Ne8 14. e4 Bh3 15. Ne1 Bxg2 16. Kxg2 Ne7 17. f4 f5 18. Nf3 fxe4 19. dxe4 Nf6 20. fxe5 Nxe4 21. exd6 Nxd6 22. Nxd6 Qxd6 23. Bf4 Qc6 24. Qd2 g5 25. Rbe1 Ng6 26. Bxg5 hxg5 27. Qxg5 Rf7 28. Kg1 Bf6 29. Qh5+ Kg7 30. Qg4 Raf8 31. h4 Bc3 32. Re6 Qc5+ 33. Kg2 Qf5 34. Nh2 Qxg4 35. Rxf7+ 0-1

[Event "Hessen-ch Seniors op 07th"]
[Site "Bad Sooden-Allendorf"]
[Date "2011.05.06"]
[Round "7"]
[White "Schuetze, Manfred"]
[Black "Lewald, Stephan"]
[Result "0-1"]
[WhiteElo "1668"]
[BlackElo "1893"]
[PlyCount "75"]
[EventDate "2011.04.30"]
[EventType "swiss"]
[EventRounds "9"]
[EventCountry "GER"]
[SourceTitle "EXT 2012"]
[Source "ChessBase"]
[SourceDate "2011.11.24"]
[SourceVersion "1"]
[SourceVersionDate "2011.11.24"]
[SourceQuality "1"]

1. e4 c5 2. Nf3 g6 3. d4 cxd4 4. Qxd4 Nf6 5. e5 Nc6 6. Qa4 Nd5 7. Bb5 Bg7 8. 0-0 Nb6 9. Qe4 a6 10. Bd3 d5 11. exd6 Qxd6 12. Nc3 Bf5 13. Qe3 Bxd3 14. Qxd3 Qxd3 15. cxd3 Nb4 16. Be3 N6d5 17. Nxd5 Nxd5 18. Bd4 0-0 19. Bxg7 Kxg7 20. a3 Rac8 21. Rac1 Nf4 22. Rc4 Rxc4 23. dxc4 Rc8 24. b3 Rd8 25. g3 Ne6 26. Re1 Kf6 27. Kf1 Rd6 28. Ke2 b5 29. Rd1 Rb6 30. cxb5 Rxb5 31. b4 a5 32. Nd4 Re5+ 33. Kd3 axb4 34. axb4 Rd5 35. Kc3 Rd8 36. Rd3 Rc8+ 37. Kb3 Rb8 38. Nxe6 0-1

[Event "Mecklenburg VP-ch Seniors op 09th"]
[Site "Binz"]
[Date "2009.12.05"]
[Round "5.20"]
[White "Lewald, Stephan"]
[Black "Neumann, Erwin"]
[Result "1/2-1/2"]
[WhiteElo "1908"]
[BlackElo "1809"]
[PlyCount "50"]
[EventDate "2009.12.01"]
[EventType "swiss"]
[EventRounds "9"]
[EventCountry "GER"]
[SourceTitle "EXT 2022"]
[Source "ChessBase"]
[SourceDate "2021.10.06"]
[SourceVersion "1"]
[SourceVersionDate "2021.10.06"]
[SourceQuality "1"]

1. e4 e5 2. Nf3 Nf6 3. Bc4 Nxe4 4. Nc3 Nf6 5. Nxe5 d5 6. Bb3 Be6 7. d4 Be7 8. 0-0 0-0 9. Ne2 c5 10. dxc5 Bxc5 11. Bg5 Nc6 12. Nxc6 bxc6 13. Nd4 Bd7 14. c3 h6 15. Be3 Bb6 16. Bc2 c5 17. Nb3 Bb5 18. Re1 Qd6 19. Qf3 Bc7 20. g3 Bb6 21. a4 Bc6 22. Qf4 Qxf4 23. Bxf4 c4 24. Nd4 Bxd4 25. cxd4 Rfe8 1/2-1/2

[Event "Mecklenburg VP-ch Seniors op 09th"]
[Site "Binz"]
[Date "2009.12.03"]
[Round "3.22"]
[White "Lewald, Stephan"]
[Black "Kolkwitz, Klaus"]
[Result "1/2-1/2"]
[WhiteElo "1908"]
[BlackElo "1716"]
[PlyCount "39"]
[EventDate "2009.12.01"]
[EventType "swiss"]
[EventRounds "9"]
[EventCountry "GER"]
[SourceTitle "EXT 2022"]
[Source "ChessBase"]
[SourceDate "2021.10.06"]
[SourceVersion "1"]
[SourceVersionDate "2021.10.06"]
[SourceQuality "1"]

1. e4 d6 2. d4 Nf6 3. Nc3 g6 4. f4 c6 5. Nf3 Bg7 6. Bd3 Nbd7 7. 0-0 0-0 8. Kh1 e5 9. dxe5 dxe5 10. fxe5 Ng4 11. e6 fxe6 12. h3 Nge5 13. Be3 Nxf3 14. Rxf3 Rxf3 15. Qxf3 Ne5 16. Qe2 b6 17. Rd1 Qc7 18. Qd2 Bb7 19. a3 Rd8 20. Qe1 1/2-1/2

[Event "Mecklenburg VP-ch Seniors op 09th"]
[Site "Binz"]
[Date "2009.12.02"]
[Round "2.28"]
[White "Koelbel, Wolfgang"]
[Black "Lewald, Stephan"]
[Result "1/2-1/2"]
[WhiteElo "1507"]
[BlackElo "1908"]
[PlyCount "160"]
[EventDate "2009.12.01"]
[EventType "swiss"]
[EventRounds "9"]
[EventCountry "GER"]
[SourceTitle "EXT 2022"]
[Source "ChessBase"]
[SourceDate "2021.10.06"]
[SourceVersion "1"]
[SourceVersionDate "2021.10.06"]
[SourceQuality "1"]

1. d4 g6 2. a4 Bg7 3. Nc3 d5 4. Nf3 Nc6 5. Bg5 Bg4 6. e3 a6 7. Be2 Nf6 8. Qb1 Nb4 9. Na2 Nxa2 10. Qxa2 0-0 11. Qb3 b6 12. h3 Be6 13. Bf4 h6 14. Qc3 c5 15. Ne5 Qc8 16. Qb3 c4 17. Qb4 Qb7 18. Bf3 a5 19. Qxc4 Rfc8 20. Qb3 Qa6 21. Be2 Qb7 22. Nd3 Bf5 23. g4 Bxd3 24. Bxd3 Nd7 25. h4 e5 26. Bxe5 Nxe5 27. dxe5 Bxe5 28. Rg1 Qc6 29. f4 Qc5 30. Ke2 Bd6 31. Qb5 Qxb5 32. axb5 Re8 33. Kf3 Bc5 34. Rge1 Re7 35. Ra4 Rae8 36. e4 dxe4+ 37. Raxe4 Rxe4 38. Rxe4 Rxe4 39. Kxe4 Bf2 40. h5 gxh5 41. gxh5 Kg7 42. Kf5 Bh4 43. Bc4 Be7 44. Ba2 Bd6 45. Bd5 Be7 46. Ke4 Kf6 47. Ba2 Bd6 48. f5 Ke7 49. Kd5 Bc5 50. Kc6 Be3 51. Bc4 Bc5 52. c3 Be3 53. Ba2 Bc5 54. Bb1 Be3 55. Kd5 Bc5 56. Ke5 Bd6+ 57. Kd5 Bc5 58. Kc6 Be3 59. Bc2 Bc5 60. b4 axb4 61. cxb4 Be3 62. Kd5 Bf4 63. Bb3 Bd2 64. Kc6 Be3 65. Ba2 Bd4 66. Kd5 Bf2 67. Ke4 Be1 68. Ke5 Bc3+ 69. Kd5 Bxb4 70. Bb1 Be1 71. Ke5 Bc3+ 72. Kd5 Bd2 73. Ke4 Bc3 74. Ba2 Be1 75. Kf3 Bc3 76. Ke3 Be1 77. Ke2 Bc3 78. Kd3 Be1 79. Ke4 Bc3 80. Kd5 Be1 1/2-1/2